Responses for Show #6693 - Wednesday, October 23, 2013

Contestants

[<< previous game]

Emily Wood, an attorney from Waltham, Massachusetts

Nina Emkin, a tutor from Los Angeles, California

Bill Tolany, a marketing executive from Austin, Texas (whose 2-day cash winnings total $26,500)

[next game >>]

Jeopardy! Round responses

GAMBLING
AT THE TRACK
SPORTS BOOK
(Alex: You have to identify the sports.)
'21
PARLEZ?
(Alex: You have to translate the French word.)
ALL IN
    $200 1
casino

Nina
    $200 21
India

Bill
    $200 7
high school football

Bill
    $200 11
the Tomb of the Unknown Soldier

Bill
    $200 24
dead

Bill
    $200 16
crayons

Bill
    $400 2
off-track betting

Emily
    $400 22
the Adirondacks

Emily
    $400 10
(major league) baseball

Bill
    $400 12
discover America

Bill
    $400 25
mouth-to-mouth

Emily
    $400 17
the Caribbean Sea

Bill
    $600 3
spot

Emily
    $600 23
Tulsa

Bill
    $600 9
mountain climbing

Nina
    $600 13
Monroe

Bill
    $600 28
50

Emily
    $600 18
the Rat Pack

Emily
    $800 4
progressive

Bill
    $800 26
(Bill: What is Eurorail?)
(Nina: What is Eurail?)

the Eurostar

BillNinaEmily
    $800 6
boxing

Emily
    $800 14
"Brandenburg"

Bill
    $800 29
casual Friday

Bill
    $800 19
[Alex pronounces "halfpenny" like "haypenny".]

the British Museum

Triple Stumper
    $1000 5
(Alex: Boxcars, yeah.)

12

Bill
    $1000 27
the High Line

Emily
    $1000 8
basketball

Bill
    $5,000 15
(Bill: Who is Pius?)

Leo

Bill
    $1000 30
a little breakfast

Nina
    $1000 20
the Ark of the Covenant

Bill

Scores at the first commercial break (after clue 15):

Bill Nina Emily
$400 $800 $1,800

Scores at the end of the Jeopardy! Round:

Bill Nina Emily
$3,000 $1,000 $5,600

Double Jeopardy! Round responses

FARTHER LEFT THAN BARACK OBAMA
(Alex: We'll show you pictures. You have to identify the person, as you look at the photo, to the left of President Obama.)
CLASSICAL LITERATURE
SEVEN UP
WOMEN DIRECTORS
ANIMAL VERBS
POINT "A" TO POINT "B"
(Alex: Two places in each correct response--the first one begins with the letter "A", the second one with a "B".)
    $400 5
Rick Perry

Bill
    $400 18
(Nina: What are visitors?)

the Greeks

Nina
Triple Stumper
    $400 19
the seven deadly sins

Emily
    $400 1
Kathryn Bigelow

Bill
    $400 13
grouse

Nina
    $400 3
from AsunciĆ³n to Buenos Aires

Bill
    $800 6
Netanyahu

Bill
    $800 26
(Alex: Philip II of [*]--[*]ia. Less than a minute to go now, Bill.)

Macedon

Triple Stumper
    $800 20
the pillars of wisdom

Triple Stumper
    $800 8
Bend It Like Beckham

Emily
    $800 14
ape

Nina
    $3,600 4
(Alex: Bill? Hurry.)
(Bill: What are... Annapolis &... Bennapolis?)
(Alex: No.)
[Laughter]
(Alex: What are [*]?)
(Bill: I'm from Austin, by the way.)
[Laughter]
(Alex: Oh. Your folks back home will not let you live down this moment.)

Austin & Boston

Bill
    $1200 7
David Cameron

Nina
    $1200 27
Sappho

Bill
    $1200 21
George Carlin

Bill
    $1200 12
Talia Shire

Nina
    $1200 15
slug

Triple Stumper
    $1200 24
(Bill: What are Antigua & Barbuda?)
(Emily: What are Aruba & Barbuda?)

Aruba & Bonaire

BillEmily
Triple Stumper
    $1600 9
Scott Walker

Bill
    $200 28
[The end-of-round signal sounds.]

Plutarch

Bill
    $1600 22
the seven hills of Rome

Emily
    $1600 2
Yentl

Emily
    $1600 16
rat

Nina
    $1600 25
Antwerp & Brussels

Bill
    $2000 10
Eric Cantor

Bill
    $2000 23
the Seven Sisters

Bill
    $2000 11
Jane Campion

Bill
    $2000 17
(Nina: What is to cow?)

buffalo

Nina
Triple Stumper

Scores at the end of the Double Jeopardy! Round:

Bill Nina Emily
$12,000 $3,800 $8,800

[wagering suggestions for these scores]

Final Jeopardy! Round responses

FOREIGN CURRENCY
(Alex: Also includes a quote from Muhammad.)
NinaWhat is a solar system?
$1,200
EmilyWhat is a unive
$8,700
BillWhat is an atom? [a drawing of an atom with three orbits]
$5,700
an atom

Final scores:

Bill Nina Emily
$17,700 $2,600 $100
3-day champion: $44,200 2nd place: $2,000 3rd place: $1,000

Game dynamics:

Coryat scores:

Bill Nina Emily
$22,000 $3,800 $8,800
28 R
(including 1 DD),
4 W
(including 2 DDs)
8 R,
3 W
13 R,
1 W

Combined Coryat: $34,600

[game clues] [game scores] [suggest correction]

Game tape date: 2013-09-11
The J! Archive is created by fans, for fans. Scraping, republication, monetization, and malicious use prohibited; this site may use cookies and collect identifying information. See terms. The Jeopardy! game show and all elements thereof, including but not limited to copyright and trademark thereto, are the property of Jeopardy Productions, Inc. and are protected under law. This website is not affiliated with, sponsored by, or operated by Jeopardy Productions, Inc. Join the discussion at JBoard.tv.